Reich (Record no. 23904)

MARC details
000 -LEADER
campo de control de longitud fija 00909cac a2200277 a 4500
003 - IDENTIFICADOR DE NÚMERO DE CONTROL
campo de control CO-PeBPM
005 - FECHA Y HORA DE LA ÚLTIMA TRANSACCIÓN
campo de control 20250509183722.0
008 - DATOS DE LONGITUD FIJA--INFORMACIÓN GENERAL
campo de control de longitud fija 231129s1973||||ck ||||||||||||| ||spa||
020 ## - NÚMERO INTERNACIONAL ESTÁNDAR DEL LIBRO
Número Internacional Estándar del Libro 8425302854
040 ## - FUENTE DE CATALOGACIÓN
Centro catalogador/agencia de origen CO-PeBPM
Lengua de catalogación spa
Centro/agencia transcriptor CO-PeBPM
Normas de descripción rda
041 ## - CÓDIGO DE IDIOMA
Código de lengua del texto/banda sonora o título independiente spa
082 ## - NÚMERO DE LA CLASIFICACIÓN DECIMAL DEWEY
Número de clasificación 193 R991r
Número de edición 22
100 10 - ENTRADA PRINCIPAL--NOMBRE DE PERSONA
Nombre de persona Rycroft, Charles
Término indicativo de función/relación autor
245 10 - MENCIÓN DEL TÍTULO
Título Reich
Mención de responsabilidad, etc. / Charles Rycroft; traducción Albert Roies
250 ## - MENCION DE EDICION
Mención de edición Primera edición
260 ## - PUBLICACIÓN, DISTRIBUCIÓN, ETC.
Lugar de publicación, distribución, etc. Barcelona, España
Nombre del editor, distribuidor, etc. : Ediciones Grijalbo
Fecha de publicación, distribución, etc. , 1973
300 ## - DESCRIPCIÓN FÍSICA
Extensión 161 páginas
Dimensiones 17,5 centímetros
490 ## - MENCIÓN DE SERIE
Mención de serie Maestros del pensamiento contemporáneo
Designación de volumen o secuencia 8
500 ## - NOTA GENERAL
Nota general Incluye índice
504 ## - NOTA DE BIBLIOGRAFÍA, ETC.
Nota de bibliografía, etc. Incluye bibliografía al final del texto
600 14 - PUNTO DE ACCESO ADICIONAL DE MATERIA--NOMBRE DE PERSONA
Nombre de persona Reich, Wilhelm,
Fuente del encabezamiento o término LEMB
Fechas asociadas al nombre 1897-1957
650 ## - PUNTO DE ACCESO ADICIONAL DE MATERIA--TÉRMINO DE MATERIA
Término de materia o nombre geográfico como elemento de entrada Ética sexual
Fuente del encabezamiento o término LEMB
650 ## - PUNTO DE ACCESO ADICIONAL DE MATERIA--TÉRMINO DE MATERIA
Término de materia o nombre geográfico como elemento de entrada Filosofia moderna
Fuente del encabezamiento o término LEMB
650 ## - PUNTO DE ACCESO ADICIONAL DE MATERIA--TÉRMINO DE MATERIA
Término de materia o nombre geográfico como elemento de entrada Psicoanálisis
Fuente del encabezamiento o término LEMB
942 ## - ELEMENTOS DE ENTRADA SECUNDARIOS (KOHA)
Fuente del sistema de clasificación o colocación Clasificación Decimal Dewey
Tipo de ítem Koha
Holdings
Estatus retirado Estado de pérdida Fuente del sistema de clasificación o colocación Estado de daño No para préstamo Colección Biblioteca de origen Biblioteca actual Ubicación en estantería Fecha de adquisición Fuente de adquisición Total de préstamos Signatura topográfica completa Código de barras Visto por última vez Copia número Precio de reemplazo Tipo de ítem Koha
    Clasificación Decimal Dewey     General BIBLIOTECA PÚBLICA MUNICIPAL RAMON CORREA MEJIA BIBLIOTECA PÚBLICA MUNICIPAL RAMON CORREA MEJIA Colección general 09/07/2009 Donación   193 R991r 05196 29/11/2023 Ej.1 29/11/2023 Libros

Powered by Koha